000 00432nam a2200169Ia 4500
001 17718
008 140405s9999 xx 000 0 und d
020 _a0-02-861086-5
040 _cPK-LaUMT
082 _a 155.9042
_bDAV-C
100 _aJeff Davidson
245 4 _aThe complete idiot's guide to managing stress
_cJeff Davidson
260 _aNew York,USA:
_bAlpha Books,
_c1997
300 _a266 p.
546 _aEN
942 _cBK
999 _c18126
_d18126